| 000 | 01077nam a2200313 a 4500 | ||
|---|---|---|---|
| 001 | 000114886 | ||
| 003 | CHAP | ||
| 005 | 20220329144503.0 | ||
| 008 | 180726s2000 mx a |r| |||||||spa d | ||
| 010 | _a111347 | ||
| 011 | _a112319 | ||
| 040 | _cCHAP | ||
| 090 | _aFolleto 6881 | ||
| 245 | 1 | 0 |
_aMétodos y técnicas para la colecta y conservación de germoplasma vegetal en las zonas áridas de México / _cpor Banco de semillas del milenio. |
| 260 |
_aMéxico : _bUNAM: _BUACH: _c2000. |
||
| 300 |
_a56p. : _bfiguras. |
||
| 500 | _aTaller realizado en la UNAM. Iztacala del 20-28 de septiembre de 2000 | ||
| 590 |
_aBATCH-UPD _b05 _c20180726 _lUCH01 _h1404 |
||
| 590 |
_aE11695DGD _b10 _c20190430 _lUCH01 _h1247 |
||
| 590 |
_aE6339RRR _b05 _c20180726 _lUCH01 _h1403 |
||
| 650 | 1 | 4 |
_aSemillas _xConservación. _9103886 |
| 650 | 1 | 4 |
_aSemillas _xFisiología y morfología. _9103902 |
| 650 | 1 | 4 |
_aSemillas _xGerminación. _9103903 |
| 650 | 1 | 4 |
_aSemillas _xSelección. _9103931 |
| 710 | 1 |
_aBanco de semillas del milenio. _9135284 |
|
| 901 | _aBK | ||
| 942 | _cFOLL | ||
| 942 | _n0 | ||
| 999 |
_c111347 _d111347 |
||